| 000 | 00625nam a2200229 a 4500 | ||
|---|---|---|---|
| 001 | 0001-0826 | ||
| 003 | ELIB.Books | ||
| 008 | 140827 2010 eng | ||
| 020 | _aKBTS | ||
| 035 | _a(ELIB.Books)0001-0980 | ||
| 092 |
_aThesis _bAung |
||
| 100 | _aAung Aung, Saw | ||
| 245 |
_aChurch Growth Leadership Principle: _bReflection on Zalon Dike Inn Church |
||
| 260 |
_aKBTS; Insein _bKaren Baptist Theological Seminary _c2010 |
||
| 300 | _c29.7 Cm | ||
| 650 | _aThesis | ||
| 856 |
_nKBTS; Library _uKBTS; Elib. |
||
| 942 |
_2ddc _cBK |
||
| 990 | _a1 | ||
| 998 |
_cbat _e2014-08-27 |
||
| 999 |
_c10826 _d10826 |
||